A jobboldal tegnaptól holnapig
Elmentve itt :
| Szerző: | |
|---|---|
| Adatforrás: | Meister |
| Forrásdokumentuma: | A Hét. - 34 sz., 1991, 2 p. |
| Nyelv: | magyar |
| Kulcsszavak: | politikai publicisztika román jobboldal xenofóbia (román) román xenofóbia jobboldal (politikai) xenofóbia Románia |
| LEADER | 00520nab a2200193 i 4500 | ||
|---|---|---|---|
| 001 | bibPRO00005097 | ||
| 008 | 060524s1991 xx hun | ||
| 040 | |a Sz1 | ||
| 041 | |a hun | ||
| 100 | 1 | |a PIPPIDI Andrei | |
| 245 | 1 | 2 | |a A jobboldal tegnaptól holnapig |c PIPPIDI Andrei |
| 695 | |a politikai publicisztika | ||
| 695 | |a román jobboldal | ||
| 695 | |a xenofóbia (román) | ||
| 695 | |a román xenofóbia | ||
| 695 | |a jobboldal (politikai) | ||
| 695 | |a xenofóbia | ||
| 695 | |a Románia | ||
| 773 | 0 | |t A Hét. - |g 34 sz., 1991, 2 p. | |